Úloha viacnásobného obchodného cestujúceho s časovými oknami
Určenie trás rozvozu materiálu s minimálnymi prepravnými nákladmi ako dôležitý faktor pri manažmente logistického reťazca. Úloha viacnásobného obchodného cestujúceho. Úloha viacnásobného obchodného cestujúceho s časovými oknami.
Guardado en:
| Autor principal: | |
|---|---|
| Otros Autores: | |
| Formato: | Capítulo de libro |
| Lenguaje: | eslovaco |
| Materias: | |
| Etiquetas: |
Sin Etiquetas, Sea el primero en etiquetar este registro!
|
MARC
| LEADER | 00000nla$a2200000$$$4500 | ||
|---|---|---|---|
| 001 | 0145709 | ||
| 005 | 20240502072629.5 | ||
| 041 | 0 | |a slo | |
| 044 | |a SK | ||
| 245 | 1 | 0 | |a Úloha viacnásobného obchodného cestujúceho s časovými oknami |c Zuzana Čičková, Katarína Čemická |
| 520 | |a Určenie trás rozvozu materiálu s minimálnymi prepravnými nákladmi ako dôležitý faktor pri manažmente logistického reťazca. Úloha viacnásobného obchodného cestujúceho. Úloha viacnásobného obchodného cestujúceho s časovými oknami. | ||
| 610 | 2 | 0 | |a obchodní cestujúci |
| 610 | 2 | 0 | |a reťazce logistické |
| 610 | 2 | 0 | |a náklady |
| 610 | 2 | 0 | |a preprava |
| 610 | 2 | 0 | |a ekonometria |
| 610 | 2 | 0 | |a optimalizácia |
| 100 | 1 | |a Čičková, Zuzana, 1978- | |
| 700 | 1 | |a Čemická, Katarína | |